Art and culture (Record no. 4782)

MARC details
000 -LEADER
fixed length control field 00475 a2200169 4500
000 - LEADER
fixed length control field BKB
001 - CONTROL NUMBER
control field 071479
005 - DATE AND TIME OF LATEST TRANSACTION
control field 20200902151013.0
008 - FIXED-LENGTH DATA ELEMENTS--GENERAL INFORMATION
fixed length control field
082 ## - DEWEY DECIMAL CLASSIFICATION NUMBER
Classification number 954
Item number A75A
100 1# - MAIN ENTRY--PERSONAL NAME
Personal name Quisar, Ahsan Jan
245 1# - TITLE STATEMENT
Title Art and culture
Statement of responsibility, etc by Ahsan Jan Quisar and Som Prakash Verma
260 ## - PUBLICATION, DISTRIBUTION, ETC. (IMPRINT)
Place of publication, distribution, etc Jaipur
Name of publisher, distributor, etc Publication Scheme
Date of publication, distribution, etc 1993
300 ## - PHYSICAL DESCRIPTION
Extent 166p.
690 ## - LOCAL SUBJECT ADDED ENTRY--TOPICAL TERM (OCLC, RLIN)
Topical term or geographic name as entry element Art, Culture; Civilization
700 ## - ADDED ENTRY--PERSONAL NAME
Personal name Verma, Som Prakash
Numeration
Titles and other words associated with a name
Holdings
Withdrawn status Lost status Damaged status Not for loan Home library Current library Date acquired Cost, normal purchase price Total Checkouts Full call number Barcode Date last seen Price effective from Koha item type
        Central University Of Rajasthan Central University Of Rajasthan 07/03/2012 1300.00   954 A75A 5914 21/11/2024 02/09/2020 Books